Library of the University of Algiers 3
Ibrahim Sultan Cheibout
شعار جامعة الجزائر 3
مكتبة جامعة الجزائر 3
إبراهيم سلطان شيبوط

الملخص الوجيز للإدارة والتحليل المالي / (رقم التسجيلة. 45637)

تفاصيل مارك
000 -LEADER
fixed length control field 01247nam a2200241Ia 4500
003 - CONTROL NUMBER IDENTIFIER
control field Ost
005 - DATE AND TIME OF LATEST TRANSACTION
control field 20260507075653.0
008 - FIXED-LENGTH DATA ELEMENTS--GENERAL INFORMATION
fixed length control field 260507s9999||||xx |||||||||||||| ||und||
040 ## - CATALOGING SOURCE
Transcribing agency fsecg
041 ## - LANGUAGE CODE
Language code of text/sound track or separate title ara
082 ## - DEWEY DECIMAL CLASSIFICATION NUMBER
Classification number 658.15
100 ## - MAIN ENTRY--PERSONAL NAME
Personal name السعايدة، فيصل جميل
Relator term مؤلف
245 #0 - TITLE STATEMENT
Title الملخص الوجيز للإدارة والتحليل المالي /
Statement of responsibility, etc. فيصل جميل السعايدة
260 ## - PUBLICATION, DISTRIBUTION, ETC.
Place of publication, distribution, etc. عمان:
Name of publisher, distributor, etc. مكتبة المجتمع العربي للنشر والتوزيع,
Date of publication, distribution, etc. 2004
300 ## - PHYSICAL DESCRIPTION
Extent 219 صفحة؛
Other physical details إيضاحات ؛
Dimensions 24 سم
504 ## - BIBLIOGRAPHY, ETC. NOTE
Bibliography, etc. note المراجع ص. 219
520 ## - SUMMARY, ETC.
Summary, etc. الإدارة المالية- السياسات المالية- مصادر التمويل- العوامل المحددة لأنواع التمويل- إدارة الموجودات- التحليل المالي- أدوات التحليل المالي- التحليل المالي بالنسب- تحليل التعادل- تحليل الرفع- التخطيط المالي- الرياضة المالية.
653 ## - INDEX TERM--UNCONTROLLED
Uncontrolled term الإدارة
653 ## - INDEX TERM--UNCONTROLLED
Uncontrolled term الإدارة المالية
653 ## - INDEX TERM--UNCONTROLLED
Uncontrolled term التحليل المالي
700 ## - ADDED ENTRY--PERSONAL NAME
Personal name فريد، نضال عبد الله
Relator term مؤلف ثانوي
942 ## - ADDED ENTRY ELEMENTS (KOHA)
Koha item type كتب

لا توجد مواد متاحة.

موارد الويب المفتوحة


© University of Algiers 3 All Rights Reserved
|
Implemented by LECHELAH Riad